000 00547nam a2200169 a 4500
001 000045388
005 20201002050124.0
008 150305s2014 dr 000 0 spa d
020 _a9789945166576
040 _aDO-SdBNP
_bspa
_cBNPHU
082 _axxxx
_bxxxx
100 1 _aFernández Gómez, Blas Rafael,
_d1954-
_973426
245 1 4 _aUna vez al mes y de cuando en vez /
_cBlas Rafael Fernández Gómez.
260 _aSanto Domingo :
_bBúho,
_c2014.
300 _a105 p. ;
_c23 cm.
500 _aIncluye datos biográficos del autor en las solapas
999 _c44877
_d44877